LEADER 00905nam0-22003011i-450- 001 990006774360403321 005 20001010 035 $a000677436 035 $aFED01000677436 035 $a(Aleph)000677436FED01 035 $a000677436 100 $a20001010d--------km-y0itay50------ba 101 0 $aita 105 $ay-------001yy 200 1 $aDue regioni per la piccola impresa$ele politiche per l'innovazione tecnologica in Emilia-Romagna e Rhone Alpes$fLeonardoParri 210 $aMilano$cF. Angeli$dc 1993. 215 $a270 p.$d22 cm 225 1 $aEconomia e politica industriale$v84 676 $a338.4509454 700 1$aParri,$bLeonardo$0121284 801 0$aIT$bUNINA$gRICA$2UNIMARC 901 $aBK 912 $a990006774360403321 952 $aCOLLEZ. 773 (84)$b20717$fFSPBC 959 $aFSPBC 996 $aDue regioni per la piccola impresa$9635104 997 $aUNINA DB $aGEN01 LEADER 01661nam 2200409Ia 450 001 996390398203316 005 20221107214727.0 035 $a(CKB)1000000000651024 035 $a(EEBO)2240897504 035 $a(OCoLC)9920458400971 035 $a(EXLCZ)991000000000651024 100 $a19950918d1560 uy | 101 0 $aeng 135 $aurbn||||a|bb| 200 10$aBy the Quene$b[electronic resource] $ethe Quenes Maiestie vnderstandyng that where of late the peece of golde called the pistolet was made currant at fyue shyllynges and ten pence .. 210 $aLondon $cImprinted by Richard Iugge and Iohn Cawood, printers to the Quenes Maiestie$d[1560] 215 $a1 sheet ([1] p.) 300 $aFormerly STC 7919. Line 1 of text ends "late". Space for the cut of second coin left blank, with cut from 7920 pasted over ms. "apologie". 300 $aOther title information from first 3 lines of text. 300 $a"Anno 1560. 2. Novembris. The seconde yere of her Maiesties raigne." 300 $a"Cum priuilegio RegiƦ Maiestatis." 300 $aReproduction of original in: British Library. 330 $aeebo-0018 606 $aLegal tender$zEngland 606 $aCoinage$xLaw and legislation$zEngland 607 $aGreat Britain$xHistory$yElizabeth, 1558-1603 608 $aBroadsides$zLondon (England)$y16th century.$2rbgenr 615 0$aLegal tender 615 0$aCoinage$xLaw and legislation 701 $aElizabeth$cQueen of England,$f1533-1603.$0996842 801 0$bEBK 801 1$bEBK 801 2$bWaOLN 906 $aBOOK 912 $a996390398203316 996 $aBy the Quene$92298600 997 $aUNISA